Library Banner

Hift roza Ain Lahore(Vol . 22 No. 1,2)/ (Record no. 98790)

MARC details
000 -LEADER
fixed length control field 00354nam a22001337a 4500
005 - DATE AND TIME OF LATEST TRANSACTION
control field 20171004110044.0
008 - FIXED-LENGTH DATA ELEMENTS--GENERAL INFORMATION
fixed length control field 171004b xxu||||| |||| 00| 0 eng d
040 ## - CATALOGING SOURCE
Transcribing agency PK-LaUMT
082 ## - DEWEY DECIMAL CLASSIFICATION NUMBER
Classification number ZIAC 297.05
Item number HIF-
245 ## - TITLE STATEMENT
Title Hift roza Ain Lahore(Vol . 22 No. 1,2)/
Statement of responsibility, etc Muzafar Baig(Editor)
260 ## - PUBLICATION, DISTRIBUTION, ETC. (IMPRINT)
Place of publication, distribution, etc لاہور:
Name of publisher, distributor, etc [ ]
Date of publication, distribution, etc 1983
300 ## - PHYSICAL DESCRIPTION
Extent 42 ص
942 ## - ADDED ENTRY ELEMENTS (KOHA)
Koha item type Books
Holdings
Withdrawn status Lost status Damaged status Home library Current library Date acquired Full call number Barcode Date last seen Price effective from Koha item type
      UMT Main Campus UMT Main Campus 2017-10-04 ZIAC 297.05 HIF- 114531 2017-10-04 2017-10-04 Books